[Event "España tch Primera División - B 2013"]
[Site "Linares ESP"]
[Date "2013.08.19"]
[Round "1.12"]
[White "Moreno Ruiz, Javier"]
[Black "Trepat Herranz, Joan"]
[Result "1-0"]
[WhiteElo "2471"]
[BlackElo "2315"]
[PlyCount "45"]
[EventDate "2013.08.19"]
[EventType "team-tourn"]
[EventRounds "5"]
[EventCountry "ESP"]
[Source "lmi"]
[SourceDate "2013.08.19"]

1. d4 d5 2. c4 c6 3. Nc3 Nf6 4. e3 g6 5. Nf3 Bg7 6. Be2 O-O 7. O-O a6 8. Bd2 b5
9. cxd5 cxd5 10. b4 Nc6 11. a4 bxa4 12. Qxa4 Bb7 13. Rfb1 Qd6 14. Qb3 Rfb8 15.
Na4 Bc8 16. Nc5 Rb6 17. Ra4 Nd7 18. Qa2 Ncb8 19. b5 Nxc5 20. dxc5 Qxc5 21. Rc1
Bf8 22. Bf1 Qxc1 23. Bxc1 1-0

[Event "España tch Primera División - B 2013"]
[Site "Linares ESP"]
[Date "2013.08.19"]
[Round "1.14"]
[White "Bote Alvarez-Carrasco, Valentin"]
[Black "Rodriguez Melgar, Josep M."]
[Result "1-0"]
[WhiteElo "2145"]
[BlackElo "2190"]
[PlyCount "101"]
[EventDate "2013.08.19"]
[EventType "team-tourn"]
[EventRounds "5"]
[EventCountry "ESP"]
[Source "lmi"]
[SourceDate "2013.08.19"]

1. Nf3 d5 2. d4 Nf6 3. c4 e6 4. cxd5 exd5 5. Qc2 g6 6. Bg5 Bg7 7. e3 c6 8. Nbd2
Bf5 9. Bd3 Bxd3 10. Qxd3 Nbd7 11. Qa3 Bf8 12. Qb3 Qb6 13. O-O h6 14. Bh4 Bd6
15. Bg3 Bxg3 16. hxg3 O-O 17. Qc2 Rfe8 18. b4 Ne4 19. Rab1 Nd6 20. Nb3 Nc4 21.
Nc5 Qc7 22. Nxd7 Qxd7 23. Qc3 b5 24. Ne5 Qc7 25. Nd3 a5 26. bxa5 Rxa5 27. Nb4
Rea8 28. Rfc1 Ra3 29. Rb3 h5 30. Rcb1 R8a4 31. Rxa3 Rxa3 32. Rb3 Ra4 33. Rb1
Kf8 34. Qc2 Na3 35. Qc5+ Kg7 36. Rb3 Nc4 37. Nxd5 Qa5 38. Nc3 Nd2 39. Nxa4 Qxa4
40. Qc2 Nxb3 41. axb3 Qa1+ 42. Kh2 Qa6 43. b4 Kg8 44. Qc5 Qb7 45. e4 Qd7 46. d5
cxd5 47. exd5 Qe8 48. d6 f6 49. Qc7 h4 50. d7 hxg3+ 51. fxg3 1-0

[Event "España tch Primera División - B 2013"]
[Site "Linares ESP"]
[Date "2013.08.19"]
[Round "1.21"]
[White "Adla, Diego"]
[Black "Andres Gonzalez, Ivan"]
[Result "1-0"]
[WhiteElo "2492"]
[BlackElo "2311"]
[PlyCount "99"]
[EventDate "2013.08.19"]
[EventType "team-tourn"]
[EventRounds "5"]
[EventCountry "ESP"]
[Source "lmi"]
[SourceDate "2013.08.19"]

1. Nf3 Nf6 2. c4 c6 3. d4 d5 4. e3 g6 5. Nc3 Bg7 6. Be2 O-O 7. O-O a6 8. b3 b5
9. Ba3 Nbd7 10. Ne5 Bb7 11. Nxd7 Qxd7 12. Bc5 Rfe8 13. a4 bxc4 14. bxc4 e5 15.
Rb1 exd4 16. Bxd4 Bc8 17. Rb6 Ne4 18. Bxg7 Kxg7 19. Qd4+ Kg8 20. Nxe4 dxe4 21.
Rd1 Qc7 22. c5 a5 23. Qd6 Qxd6 24. Rxd6 Ra7 25. Rbxc6 Bd7 26. Ra6 Rxa6 27. Rxa6
Bxa4 28. Rxa5 Bc6 29. Bc4 Rd8 30. g4 Rd1+ 31. Kg2 Rc1 32. Bb3 Kg7 33. Ra7 Be8
34. Re7 Kf8 35. Rc7 h6 36. h4 f5 37. g5 hxg5 38. hxg5 Rc3 39. Be6 f4 40. exf4
e3 41. fxe3 Rxe3 42. Bd5 Rc3 43. Kf2 Bb5 44. Be4 Bd3 45. Ke3 Bxe4+ 46. Kxe4
Rc4+ 47. Ke5 Kg8 48. f5 gxf5 49. Kf6 Ra4 50. Rc8+ 1-0

[Event "España tch Primera División - B 2013"]
[Site "Linares ESP"]
[Date "2013.08.19"]
[Round "1.22"]
[White "Recuero Guerra, Javier"]
[Black "Glavina, Pablo"]
[Result "0-1"]
[WhiteElo "2228"]
[BlackElo "2437"]
[PlyCount "192"]
[EventDate "2013.08.19"]
[EventType "team-tourn"]
[EventRounds "5"]
[EventCountry "ESP"]
[Source "lmi"]
[SourceDate "2013.08.19"]

1. Nf3 Nf6 2. c4 c6 3. Nc3 d5 4. e3 a6 5. b3 Bg4 6. Be2 e6 7. Bb2 Bd6 8. O-O
O-O 9. d4 Nbd7 10. a4 Qe7 11. c5 Bc7 12. b4 e5 13. b5 Ne4 14. Nxe4 dxe4 15. Nd2
Bf5 16. Nb3 Rfd8 17. Qc2 Bg6 18. b6 Bb8 19. Na5 exd4 20. Bxd4 Ne5 21. Bxe5 Bxe5
22. Rad1 Rxd1 23. Rxd1 h5 24. Qb3 Bf5 25. Qb4 h4 26. Nc4 a5 27. Qa3 Re8 28. Nd6
Qg5 29. Nxf5 Qxf5 30. h3 Bf6 31. Bg4 Qe5 32. Rd7 Re7 33. Rd8+ Kh7 34. Rf8 g6
35. Ra8 Qd5 36. Qc1 Be5 37. Bc8 Qb3 38. Rxa5 Re8 39. Bg4 Bb8 40. Kf1 Rd8 41.
Ra8 Qd5 42. a5 Qe5 43. a6 bxa6 44. Rxa6 Qh2 45. Ke2 f5 46. Bxf5 gxf5 47. Qc4
Qe5 48. Qf7+ Kh6 49. Ra2 Qd5 50. Qxd5 Rxd5 51. Ra8 Rd8 52. b7 Kg7 53. f3 Kf7
54. fxe4 fxe4 55. Ra4 Re8 56. Kd2 Re7 57. Rb4 Re5 58. Kc3 Ke6 59. Kd4 Kd7 60.
Rb2 Re8 61. Rf2 Be5+ 62. Kc4 Kc7 63. Rf7+ Kb8 64. Rh7 Rh8 65. Re7 Rh5 66. Kb4
Rg5 67. Kc4 Rh5 68. Kb4 Bg3 69. Rxe4 Re5 70. Rc4 Rxe3 71. Rc2 Kxb7 72. Kc4 Re4+
73. Kd3 Rf4 74. Ke3 Rb4 75. Ra2 Rc4 76. Ra5 Rc2 77. Kf3 Rf2+ 78. Kg4 Rxg2 79.
Kf5 Rc2 80. Kg4 Rc4+ 81. Kh5 Bf2 82. Ra2 Rxc5+ 83. Kg4 Bg3 84. Rb2+ Rb5 85. Rc2
Re5 86. Rb2+ Kc7 87. Ra2 c5 88. Rc2 Kc6 89. Rc1 Re1 90. Rc2 Kd5 91. Rd2+ Ke4
92. Rc2 Kd4 93. Rd2+ Kc3 94. Rd5 c4 95. Kf3 Kc2 96. Rd4 c3 0-1

[Event "España tch Primera División - B 2013"]
[Site "Linares ESP"]
[Date "2013.08.19"]
[Round "1.23"]
[White "Lopez Gracia, Fernando"]
[Black "Alonso Alvarez, Aitor"]
[Result "1/2-1/2"]
[WhiteElo "2375"]
[BlackElo "2221"]
[PlyCount "58"]
[EventDate "2013.08.19"]
[EventType "team-tourn"]
[EventRounds "5"]
[EventCountry "ESP"]
[Source "lmi"]
[SourceDate "2013.08.19"]

1. d4 f5 2. Nc3 Nf6 3. Bg5 e6 4. e4 fxe4 5. Nxe4 Be7 6. Bxf6 Bxf6 7. Qh5+ g6 8.
Qh6 b6 9. Nf3 Bb7 10. Bd3 Na6 11. c3 Qe7 12. Qf4 Bg7 13. Bxa6 Bxa6 14. Qxc7 O-O
15. Qd6 Qd8 16. O-O-O Be2 17. Ne5 Bxd1 18. Rxd1 Qh4 19. f3 Qxh2 20. Qxd7 Qxg2
21. Qxe6+ Kh8 22. Nd6 Bxe5 23. Qxe5+ Kg8 24. Qe6+ Kg7 25. Qe7+ Kg8 26. Qe6+ Kg7
27. Qe7+ Kg8 28. Qe6+ Kg7 29. Qe7+ Kg8 1/2-1/2

[Event "España tch Primera División - B 2013"]
[Site "Linares ESP"]
[Date "2013.08.19"]
[Round "1.24"]
[White "Suarez Garcia, Ivan"]
[Black "Quintin Navarro, Alberto"]
[Result "0-1"]
[WhiteElo "1930"]
[BlackElo "2241"]
[PlyCount "61"]
[EventDate "2013.08.19"]
[EventType "team-tourn"]
[EventRounds "5"]
[EventCountry "ESP"]
[Source "lmi"]
[SourceDate "2013.08.19"]

1. d4 Nf6 2. Nf3 g6 3. c4 Bg7 4. Nc3 d6 5. e4 O-O 6. Be2 Bg4 7. O-O Nfd7 8. Be3
c5 9. Qd2 Nc6 10. d5 Bxf3 11. Bxf3 Nd4 12. Bd1 Qa5 13. Rc1 a6 14. a4 Rfb8 15.
f4 b5 16. axb5 axb5 17. cxb5 Nxb5 18. Be2 Nxc3 19. bxc3 Rb3 20. e5 dxe5 21. d6
e6 22. Bf3 Rd8 23. fxe5 Bxe5 24. Bh6 Rxc3 25. Ra1 Qb4 26. Bc6 Nb6 27. Qg5 f6
28. Qd2 Rxd6 29. Rxf6 Qd4+ 30. Kh1 Bxf6 31. Qd1 0-1

[Event "España tch Primera División - B 2013"]
[Site "Linares ESP"]
[Date "2013.08.19"]
[Round "1.31"]
[White "Rodriguez Fontecha, Marcos"]
[Black "Garcia Castro, Pablo"]
[Result "1-0"]
[WhiteElo "2317"]
[BlackElo "2370"]
[PlyCount "78"]
[EventDate "2013.08.19"]
[EventType "team-tourn"]
[EventRounds "5"]
[EventCountry "ESP"]
[Source "lmi"]
[SourceDate "2013.08.19"]

1. d4 d6 2. Nf3 Nd7 3. Bg5 h6 4. Bh4 Ngf6 5. Nbd2 g5 6. Bg3 Nh5 7. c3 Bg7 8. e4
a6 9. a4 c5 10. d5 b6 11. Nc4 Nxg3 12. hxg3 Nf6 13. Nfd2 Bd7 14. a5 b5 15. Nb6
Rb8 16. Bd3 Ng4 17. Qe2 Ne5 18. Bc2 g4 19. f4 gxf3 20. gxf3 h5 21. Kf2 Ng6 22.
f4 h4 23. e5 hxg3+ 24. Kxg3 dxe5 25. Bxg6 exf4+ 26. Kg2 fxg6 27. Rxh8+ Bxh8 28.
Rh1 Bg7 29. Rh7 Kf8 30. Rxg7 Kxg7 31. Nxd7 Qxd7 32. Qe5+ Kh6 33. Qxf4+ g5 34.
Qxb8 Qxd5+ 35. Nf3 g4 36. Qf4+ Kh5 37. Qe5+ Qxe5 38. Nxe5 Kg5 39. Nd7 Kf5 1-0

[Event "España tch Primera División - B 2013"]
[Site "Linares ESP"]
[Date "2013.08.19"]
[Round "1.32"]
[White "Guerra Bastida, Diego"]
[Black "Martin Fuentes, Alberto"]
[Result "1-0"]
[WhiteElo "2367"]
[BlackElo "2320"]
[PlyCount "80"]
[EventDate "2013.08.19"]
[EventType "team-tourn"]
[EventRounds "5"]
[EventCountry "ESP"]
[Source "lmi"]
[SourceDate "2013.08.19"]

1. e4 e6 2. d4 d5 3. Nc3 Bb4 4. e5 Ne7 5. a3 Bxc3+ 6. bxc3 b6 7. Qg4 Ng6 8. h4
h5 9. Qd1 Ba6 10. Bxa6 Nxa6 11. Bg5 Qd7 12. Ne2 Qc6 13. Qd3 Nb8 14. f4 Nd7 15.
O-O Qc4 16. Qe3 f6 17. exf6 gxf6 18. Qxe6+ Ne7 19. Bxf6 Nxf6 20. Qxf6 O-O-O 21.
Rae1 Nc6 22. Qf5+ Kb7 23. Qd3 Qa4 24. f5 Qxa3 25. Nf4 Qd6 26. Re6 Qd7 27. Rfe1
a5 28. Ng6 Rhg8 29. f6 Qf7 30. Ne7 Nxe7 31. fxe7 Rde8 32. R1e2 Qf4 33. Qb5 Qxh4
34. Qxd5+ Ka7 35. c4 Qg5 36. Qc6 Qf4 37. c3 Qc1+ 38. Re1 Qxc3 39. Qxc7+ Ka8 40.
Ra1 Rh8 1-0

[Event "España tch Primera División - B 2013"]
[Site "Linares ESP"]
[Date "2013.08.19"]
[Round "1.33"]
[White "Arnedo Ruiz, Alberto"]
[Black "Senlle Caride, Miguel"]
[Result "0-1"]
[WhiteElo "2188"]
[BlackElo "2303"]
[PlyCount "92"]
[EventDate "2013.08.19"]
[EventType "team-tourn"]
[EventRounds "5"]
[EventCountry "ESP"]
[Source "lmi"]
[SourceDate "2013.08.19"]

1. e4 c5 2. Nf3 e6 3. d3 Nc6 4. g3 g6 5. Bg2 Bg7 6. O-O Nge7 7. c3 Qb6 8. Re1
d6 9. Nbd2 O-O 10. Qe2 e5 11. a3 a5 12. a4 h6 13. Nc4 Qc7 14. Ne3 f5 15. exf5
gxf5 16. Nh4 Be6 17. f4 Rae8 18. Rf1 d5 19. fxe5 Nxe5 20. d4 cxd4 21. cxd4 N5c6
22. Nc2 Nc8 23. Qd3 Qd7 24. Bf4 Rf6 25. Be5 Nxe5 26. dxe5 Rf7 27. Rae1 Qxa4 28.
Nxf5 Bf8 29. Ncd4 Nb6 30. Kh1 Kh8 31. Nd6 Bxd6 32. exd6 Bd7 33. Qg6 Rxf1+ 34.
Rxf1 Qxd4 35. Qxh6+ Kg8 36. h4 Qg7 37. Qd2 Bc6 38. b3 a4 39. bxa4 Qe5 40. Qh6
Qg7 41. Qh5 Re5 42. Qf3 Nc4 43. d7 Bxd7 44. Qd3 Ne3 45. Rf3 Bf5 46. Qd2 Nxg2
0-1

[Event "España tch Primera División - B 2013"]
[Site "Linares ESP"]
[Date "2013.08.19"]
[Round "1.34"]
[White "Rodriguez Lopez, Rafael"]
[Black "Fernandez Fernandez, Juan Carlos"]
[Result "1-0"]
[WhiteElo "2265"]
[BlackElo "2092"]
[PlyCount "71"]
[EventDate "2013.08.19"]
[EventType "team-tourn"]
[EventRounds "5"]
[EventCountry "ESP"]
[Source "lmi"]
[SourceDate "2013.08.19"]

1. d4 Nf6 2. c4 g6 3. Nc3 d5 4. Qb3 dxc4 5. Qxc4 Bg7 6. e4 a6 7. Bf4 Nc6 8. Rd1
Nh5 9. Be3 O-O 10. Be2 Nf6 11. Nf3 Na5 12. Qa4 b6 13. b4 Bd7 14. Qc2 Nc6 15. a3
Ng4 16. Bg5 f5 17. e5 Nh6 18. d5 Nb8 19. d6 cxd6 20. exd6 Nc6 21. Nd5 Rf7 22.
Nxe7+ Nxe7 23. dxe7 Qe8 24. Qd2 Ba4 25. Rc1 Bb5 26. Bxb5 Qxb5 27. Qd8+ Qe8 28.
O-O Ng4 29. Rfd1 Bf6 30. Bxf6 Nxf6 31. Rc7 Kg7 32. Ng5 h6 33. Nxf7 Kxf7 34. h3
Ne4 35. Qd5+ Kg7 36. Qxa8 1-0

[Event "España tch Primera División - B 2013"]
[Site "Linares ESP"]
[Date "2013.08.20"]
[Round "2.11"]
[White "Vazquez Igarza, Renier"]
[Black "Garcia Castro, Pablo"]
[Result "1-0"]
[WhiteElo "2580"]
[BlackElo "2370"]
[PlyCount "89"]
[EventDate "2013.08.19"]
[EventType "team-tourn"]
[EventRounds "5"]
[EventCountry "ESP"]
[Source "lmi"]
[SourceDate "2013.08.19"]

1. Nf3 d6 2. d4 Nf6 3. c4 Nbd7 4. Nc3 e5 5. e4 Be7 6. Be2 O-O 7. O-O Re8 8. Qc2
Bf8 9. Rd1 exd4 10. Nxd4 Nc5 11. f3 a5 12. Be3 Bd7 13. Ndb5 Qb8 14. Qd2 Re6 15.
Nd4 Re8 16. Bg5 Be7 17. Ndb5 Bc6 18. Be3 h6 19. Bf1 Nh7 20. Qf2 b6 21. Nd5 Bxd5
22. cxd5 Bg5 23. Bd4 Bf6 24. Bxf6 Nxf6 25. Nd4 Kh8 26. Bb5 Rf8 27. Nf5 Qd8 28.
Qg3 Nh5 29. Qf2 Kh7 30. Qd4 g6 31. Ne3 Qf6 32. Qxf6 Nxf6 33. b3 Ng8 34. Rac1
Ne7 35. a3 Nxb3 36. Rxc7 Nc8 37. Nc4 Nc5 38. Rb1 Kg7 39. Bd7 Ra7 40. Rxc8 Nxd7
41. Rc6 Rb8 42. Nxd6 Ne5 43. Rcxb6 Rxb6 44. Rxb6 Rc7 45. Ne8+ 1-0

[Event "España tch Primera División - B 2013"]
[Site "Linares ESP"]
[Date "2013.08.20"]
[Round "2.12"]
[White "Guerra Bastida, Diego"]
[Black "Moreno Ruiz, Javier"]
[Result "1-0"]
[WhiteElo "2367"]
[BlackElo "2471"]
[PlyCount "76"]
[EventDate "2013.08.19"]
[EventType "team-tourn"]
[EventRounds "5"]
[EventCountry "ESP"]
[Source "lmi"]
[SourceDate "2013.08.19"]

1. e4 c5 2. Nf3 Nc6 3. Bb5 g6 4. O-O Bg7 5. Re1 e5 6. d3 Nge7 7. Bg5 h6 8. Bxe7
Nxe7 9. Nc3 O-O 10. Bc4 d6 11. Nd5 Nc6 12. a3 Kh7 13. b4 f5 14. bxc5 dxc5 15.
exf5 gxf5 16. Rb1 b6 17. c3 Bb7 18. Ne3 Qf6 19. Bd5 Rad8 20. c4 Bc8 21. Nf1 Ne7
22. Nxe5 Nxd5 23. cxd5 Rxd5 24. f4 Qd6 25. Qe2 Re8 26. Qh5 Re7 27. Nf7 Qf6 28.
Ne5 Qd6 29. Nf7 Qc7 30. Ne3 Rxd3 31. Nxh6 Rdxe3 32. Nxf5+ Kg8 33. Rxe3 Bd4 34.
Nxe7+ Qxe7 35. Qd5+ Qf7 36. Qxf7+ Kxf7 37. Kf2 Bf5 38. Rd1 Bc8 1-0

[Event "España tch Primera División - B 2013"]
[Site "Linares ESP"]
[Date "2013.08.20"]
[Round "2.21"]
[White "Andres Gonzalez, Ivan"]
[Black "Rodriguez Fontecha, Marcos"]
[Result "1-0"]
[WhiteElo "2311"]
[BlackElo "2317"]
[PlyCount "89"]
[EventDate "2013.08.19"]
[EventType "team-tourn"]
[EventRounds "5"]
[EventCountry "ESP"]
[Source "lmi"]
[SourceDate "2013.08.19"]

1. e4 e6 2. d4 c5 3. Nf3 cxd4 4. Nxd4 Nf6 5. Nc3 Bb4 6. e5 Nd5 7. Bd2 Nxc3 8.
bxc3 Bf8 9. Bd3 Nc6 10. Nxc6 bxc6 11. O-O g6 12. Qe2 Bg7 13. c4 d6 14. Bf4 d5
15. Qe3 Qa5 16. h4 Ba6 17. h5 O-O 18. h6 Bh8 19. Rfe1 Qc3 20. cxd5 Bxd3 21.
cxd3 cxd5 22. Rac1 Qa3 23. Bg5 Rfc8 24. d4 Qxa2 25. Ra1 Qc4 26. Rec1 Qb4 27.
Rxc8+ Rxc8 28. Rxa7 Qb6 29. Re7 Qb1+ 30. Kh2 Qd1 31. f3 Qc2 32. Qf4 Qf5 33. Kg3
Kf8 34. Ra7 Qxf4+ 35. Kxf4 Re8 36. g4 Rc8 37. Be7+ Kg8 38. Kg5 Re8 39. Bf6 Rf8
40. Rb7 Bxf6+ 41. Kxf6 g5 42. Kxg5 Kh8 43. Kf6 Kg8 44. f4 Kh8 45. f5 1-0

[Event "España tch Primera División - B 2013"]
[Site "Linares ESP"]
[Date "2013.08.20"]
[Round "2.22"]
[White "Martin Fuentes, Alberto"]
[Black "Recuero Guerra, Javier"]
[Result "1-0"]
[WhiteElo "2320"]
[BlackElo "2228"]
[PlyCount "77"]
[EventDate "2013.08.19"]
[EventType "team-tourn"]
[EventRounds "5"]
[EventCountry "ESP"]
[Source "lmi"]
[SourceDate "2013.08.19"]

1. e4 c5 2. d3 Nc6 3. g3 g6 4. Bg2 Bg7 5. Nc3 d6 6. Be3 Rb8 7. Qd2 b5 8. Nge2
Nd4 9. O-O b4 10. Nd1 e6 11. Nc1 Ne7 12. c3 Ndc6 13. Bh6 O-O 14. Bxg7 Kxg7 15.
Ne2 bxc3 16. bxc3 Ba6 17. Ne3 Ne5 18. c4 Qb6 19. f4 Qb2 20. Qd1 Nd7 21. f5 exf5
22. exf5 Nxf5 23. Nxf5+ gxf5 24. Rxf5 Nf6 25. Qf1 h6 26. Rc1 Ng4 27. Bd5 Ne5
28. Nc3 Qd2 29. Ne4 Qxd3 30. Qxd3 Nxd3 31. Rcf1 Ne5 32. Nxd6 f6 33. R5f4 Rb2
34. Nf5+ Kg6 35. Rh4 h5 36. Ne7+ Kg7 37. Rxh5 Bc8 38. Be4 Rf7 39. Nxc8 1-0

[Event "España tch Primera División - B 2013"]
[Site "Linares ESP"]
[Date "2013.08.20"]
[Round "2.23"]
[White "Alonso Alvarez, Aitor"]
[Black "Arnedo Ruiz, Alberto"]
[Result "0-1"]
[WhiteElo "2221"]
[BlackElo "2188"]
[PlyCount "72"]
[EventDate "2013.08.19"]
[EventType "team-tourn"]
[EventRounds "5"]
[EventCountry "ESP"]
[Source "lmi"]
[SourceDate "2013.08.19"]

1. e4 e5 2. Nf3 Nc6 3. Bb5 Bc5 4. O-O Qf6 5. Nc3 Nge7 6. d3 h6 7. Na4 Bb6 8.
Nxb6 axb6 9. Re1 O-O 10. h3 d6 11. c3 g5 12. Nh2 Ng6 13. Qh5 Nf4 14. Bxf4 gxf4
15. Ng4 Bxg4 16. hxg4 Qg5 17. Qh3 Kg7 18. Kf1 Rh8 19. Bxc6 bxc6 20. Qh5 Qxh5
21. gxh5 Kf6 22. Ke2 Rhg8 23. Kf3 Rg5 24. Rh1 Rag8 25. Rh2 Ke6 26. c4 f5 27.
Rc1 c5 28. Rc3 Ra8 29. a3 Rag8 30. Rb3 fxe4+ 31. dxe4 Rg3+ 32. fxg3 Rxg3+ 33.
Kf2 Rxb3 34. Rh4 Rxb2+ 35. Kf1 Rb3 36. Rg4 Rg3 0-1

[Event "España tch Primera División - B 2013"]
[Site "Linares ESP"]
[Date "2013.08.20"]
[Round "2.24"]
[White "Fernandez Fernandez, Juan Carlos"]
[Black "Suarez Garcia, Ivan"]
[Result "1-0"]
[WhiteElo "2092"]
[BlackElo "1930"]
[PlyCount "73"]
[EventDate "2013.08.19"]
[EventType "team-tourn"]
[EventRounds "5"]
[EventCountry "ESP"]
[Source "lmi"]
[SourceDate "2013.08.19"]

1. d4 d5 2. c4 e5 3. dxe5 d4 4. Nf3 Nc6 5. g3 Bg4 6. Bg2 Qd7 7. O-O O-O-O 8.
Nbd2 Nge7 9. b4 Ng6 10. b5 Ncxe5 11. Qa4 Kb8 12. Bb2 Nxf3+ 13. Nxf3 Bxf3 14.
Bxf3 Ne5 15. Bd5 Qh3 16. Bxd4 Rxd5 17. Qxa7+ Kc8 18. Qa8+ Kd7 19. Bxe5 Rxe5 20.
Rfd1+ Bd6 21. Qxb7 Rh5 22. Rxd6+ Kxd6 23. Rd1+ Kc5 24. Qc6+ Kb4 25. Rb1+ Kc3
26. Qf3+ Kd4 27. Rd1+ Kc5 28. Qe3+ Kb4 29. Qb3+ Ka5 30. Qa3+ Kb6 31. Qa6+ Kc5
32. Qc6+ Kb4 33. Rb1+ Kc3 34. Qf3+ Kd4 35. Qf4+ Kc3 36. Rb3+ Kc2 37. Qe4+ 1-0

[Event "España tch Primera División - B 2013"]
[Site "Linares ESP"]
[Date "2013.08.20"]
[Round "2.31"]
[White "Barbero Sendic, Alejandro"]
[Black "Adla, Diego"]
[Result "0-1"]
[WhiteElo "2363"]
[BlackElo "2492"]
[PlyCount "126"]
[EventDate "2013.08.19"]
[EventType "team-tourn"]
[EventRounds "5"]
[EventCountry "ESP"]
[Source "lmi"]
[SourceDate "2013.08.19"]

1. e4 c5 2. Nf3 g6 3. d4 cxd4 4. Nxd4 Bg7 5. Nc3 Nc6 6. Be3 Nf6 7. Nxc6 bxc6 8.
e5 Nd5 9. Nxd5 cxd5 10. Qxd5 Rb8 11. O-O-O Qc7 12. f4 O-O 13. Qc5 Qd8 14. Qxa7
Bb7 15. Bc4 d6 16. Bb3 Bxg2 17. Rhe1 Rb7 18. Qa6 Qc8 19. Qd3 dxe5 20. fxe5 Bxe5
21. Bh6 Bg7 22. Bxg7 Kxg7 23. Qd4+ f6 24. Re3 Bh3 25. Rc3 Rc7 26. Rxc7 Qxc7 27.
Qe3 Bf5 28. h4 h5 29. c3 e5 30. Rd5 Re8 31. Bc2 Bxc2 32. Kxc2 Re7 33. b3 Qc8
34. a4 Qf5+ 35. Kb2 Qf4 36. Qc5 Rf7 37. Qb4 Qf2+ 38. Kc1 Qe1+ 39. Rd1 Qe3+ 40.
Kc2 f5 41. Rd3 Qe2+ 42. Rd2 Qg4 43. a5 f4 44. Qe4 Re7 45. Qb4 Qf5+ 46. Kb2 Rf7
47. a6 Qf6 48. Rd6 Qxh4 49. Qe4 Qg5 50. Rd5 f3 51. Rxe5 Qg4 52. Qb7 f2 53. a7
f1=Q 54. a8=Q Rxb7 55. Qxb7+ Kh6 56. Qb8 Qgg2+ 57. Ka3 Qa1+ 58. Kb4 Qaa8 59.
Qd6 Qgb7+ 60. Rb5 Qe4+ 61. c4 Qe1+ 62. Kc5 Qc8+ 63. Kb6 Qee6 0-1

[Event "España tch Primera División - B 2013"]
[Site "Linares ESP"]
[Date "2013.08.20"]
[Round "2.32"]
[White "Glavina, Pablo"]
[Black "Trepat Herranz, Joan"]
[Result "0-1"]
[WhiteElo "2437"]
[BlackElo "2315"]
[PlyCount "98"]
[EventDate "2013.08.19"]
[EventType "team-tourn"]
[EventRounds "5"]
[EventCountry "ESP"]
[Source "lmi"]
[SourceDate "2013.08.19"]

1. d4 d5 2. c4 c6 3. cxd5 cxd5 4. Nc3 Nf6 5. Bf4 Nc6 6. e3 a6 7. Be2 Bf5 8. g4
Bg6 9. Qb3 Na5 10. Qa4+ Nc6 11. Nf3 Rc8 12. Ne5 Nd7 13. h4 Ndxe5 14. dxe5 h5
15. Qb3 Na5 16. Qa4+ Nc6 17. Qb3 Na5 18. Qd1 hxg4 19. e6 fxe6 20. Bxg4 Rc6 21.
h5 Nc4 22. Qb3 e5 23. Qxb7 Na5 24. Qa7 exf4 25. Rd1 Bf7 26. Nxd5 Bxd5 27. e4
Rd6 28. exd5 Qb6 29. Qxb6 Rxb6 30. Rc1 e5 31. Rc8+ Kf7 32. O-O g6 33. Rfc1 gxh5
34. Be6+ Kf6 35. R1c7 Rb7 36. Rxb7 Nxb7 37. Rc6 Nd6 38. Rxa6 e4 39. a4 Ke5 40.
a5 Be7 41. Ra7 Bh4 42. a6 e3 43. fxe3 fxe3 44. Kf1 Rf8+ 45. Ke2 Kd4 46. Bf7
Nxf7 47. Rb7 Nd6 48. Rb4+ Nc4 49. d6 Ke5 0-1

[Event "España tch Primera División - B 2013"]
[Site "Linares ESP"]
[Date "2013.08.20"]
[Round "2.33"]
[White "Coll Ortega, Jordi"]
[Black "Lopez Gracia, Fernando"]
[Result "1-0"]
[WhiteElo "2307"]
[BlackElo "2375"]
[PlyCount "88"]
[EventDate "2013.08.19"]
[EventType "team-tourn"]
[EventRounds "5"]
[EventCountry "ESP"]
[Source "lmi"]
[SourceDate "2013.08.19"]

1. e4 c6 2. d4 d5 3. e5 c5 4. dxc5 e6 5. Nf3 Nc6 6. c3 Bxc5 7. Bd3 Nge7 8. b4
Bb6 9. Bf4 Ng6 10. Bg3 f6 11. b5 Ncxe5 12. Nxe5 fxe5 13. Bxg6+ hxg6 14. Bxe5
O-O 15. O-O Rf5 16. Qe2 Bd7 17. a4 a6 18. bxa6 Rxa6 19. Nd2 Rxa4 20. Rxa4 Bxa4
21. Bd4 e5 22. Bxb6 Qxb6 23. Rb1 Qc7 24. c4 d4 25. Qg4 Qc6 26. h4 Bc2 27. Ra1
Rf4 28. Qg5 Qf6 29. Ra8+ Kf7 30. Nf3 Rxf3 31. gxf3 Qxg5+ 32. hxg5 Bd1 33. f4 e4
34. Kf1 Bf3 35. Rb8 e3 36. fxe3 dxe3 37. Ra8 Ke7 38. Ra3 e2+ 39. Kf2 Bg4 40.
Rb3 Kd6 41. Rxb7 Kc5 42. Rxg7 Kxc4 43. Rxg6 Kd5 44. Ke1 Bc8 1-0

[Event "España tch Primera División - B 2013"]
[Site "Linares ESP"]
[Date "2013.08.20"]
[Round "2.34"]
[White "Quintin Navarro, Alberto"]
[Black "Rodriguez Melgar, Josep M."]
[Result "1-0"]
[WhiteElo "2241"]
[BlackElo "2190"]
[PlyCount "59"]
[EventDate "2013.08.19"]
[EventType "team-tourn"]
[EventRounds "5"]
[EventCountry "ESP"]
[Source "lmi"]
[SourceDate "2013.08.19"]

1. d4 Nf6 2. c4 e6 3. Nf3 b6 4. a3 Bb7 5. Nc3 Be7 6. d5 exd5 7. cxd5 O-O 8. g3
d6 9. Bg2 c5 10. O-O Nbd7 11. Nd2 a6 12. b4 b5 13. Nb3 Rc8 14. Bb2 Qb6 15. h3
Rfd8 16. Kh2 Ne5 17. bxc5 dxc5 18. e4 c4 19. Nd4 Nd3 20. Nf5 Bc5 21. Qd2 Bxf2
22. Na4 Bxg3+ 23. Nxg3 bxa4 24. Bxf6 gxf6 25. Qh6 Qd6 26. Rxf6 Qf8 27. Qh4 Rc7
28. Nf5 Bc8 29. Qg3+ Kh8 30. Qxc7 1-0

[Event "España tch Primera División - B 2013"]
[Site "Linares ESP"]
[Date "2013.08.21"]
[Round "3.11"]
[White "Adla, Diego"]
[Black "Vazquez Igarza, Renier"]
[Result "1/2-1/2"]
[WhiteElo "2492"]
[BlackElo "2580"]
[PlyCount "61"]
[EventDate "2013.08.19"]
[EventType "team-tourn"]
[EventRounds "5"]
[EventCountry "ESP"]
[Source "lmi"]
[SourceDate "2013.08.19"]

1. d4 Nf6 2. c4 e6 3. Nc3 Bb4 4. Qc2 c5 5. dxc5 Bxc5 6. Nf3 Qb6 7. e3 Qc7 8. b3
b6 9. Bb2 a6 10. Be2 Bb7 11. g4 h6 12. Rg1 Nc6 13. a3 Be7 14. h4 O-O-O 15. g5
hxg5 16. hxg5 Ne8 17. O-O-O Kb8 18. Kb1 Na7 19. Rd2 Nc8 20. Ka2 f6 21. gxf6
gxf6 22. Rc1 Ned6 23. Qd1 Ka8 24. Rd4 Na7 25. Rc2 Ndc8 26. Rcd2 d6 27. Rh4 Rxh4
28. Nxh4 Rg8 29. Nf3 Nc6 30. Qf1 f5 31. Qh3 1/2-1/2

[Event "España tch Primera División - B 2013"]
[Site "Linares ESP"]
[Date "2013.08.21"]
[Round "3.12"]
[White "Moreno Ruiz, Javier"]
[Black "Glavina, Pablo"]
[Result "1/2-1/2"]
[WhiteElo "2471"]
[BlackElo "2437"]
[PlyCount "115"]
[EventDate "2013.08.19"]
[EventType "team-tourn"]
[EventRounds "5"]
[EventCountry "ESP"]
[Source "lmi"]
[SourceDate "2013.08.19"]

1. c4 g6 2. g3 Bg7 3. Bg2 Nc6 4. Nc3 e5 5. e4 d6 6. Nge2 Nf6 7. d3 Nd7 8. O-O
Nc5 9. f4 Nd4 10. Nxd4 exd4 11. Ne2 f5 12. b4 Nxe4 13. dxe4 d3 14. Rb1 dxe2 15.
Qxe2 O-O 16. Bb2 Re8 17. Bxg7 Kxg7 18. Qb2+ Qf6 19. Qxf6+ Kxf6 20. exf5 Bxf5
21. Rbd1 Be4 22. Rfe1 Bxg2 23. Kxg2 Rxe1 24. Rxe1 Rd8 25. Rd1 c6 26. Kf3 h5 27.
h3 Rd7 28. g4 hxg4+ 29. hxg4 Ke6 30. Rh1 Kf6 31. Ke4 Re7+ 32. Kf3 d5 33. cxd5
cxd5 34. Rh8 Rd7 35. Ke3 Re7+ 36. Kf3 Rd7 37. Rf8+ Ke7 38. Rg8 Kf7 39. Rb8 d4
40. Ke2 d3+ 41. Kd2 b6 42. Ra8 Kf6 43. a3 g5 44. Rf8+ Kg7 45. Rf5 gxf4 46. Rxf4
a5 47. b5 Rd5 48. a4 Rd6 49. Rc4 Rd7 50. Rc6 Rd4 51. Rxb6 Rxa4 52. Kxd3 Rb4 53.
g5 Kf7 54. Rf6+ Kg7 55. b6 a4 56. Kc3 Rb1 57. Rf4 Rxb6 58. Rxa4 1/2-1/2